MARC

LEADER 00000nas a2200000 i 4500
001 ssj0000579897
003 WaSeSS
005 20200512172242.0
006 m d
007 cr n
008 090901c19859999ci qr p s go 0 0hrv c
010 |a  2019238128  |z  95646968  
015 |a 016541332  |2 dnb 
016 7 |a 016541332  |2 DE-101 
016 7 |a 1124824-5  |2 DE-600 
022 |a 1849-0840  |l 0352-5317  |y 0352-5317 
030 |a PRVJFF 
035 |a (WaSeSS)ssj0000579897 
040 |a HNK  |b eng  |e pn  |c HNK  |d HNK  |d OCLCQ  |d WEA  |d OCLCQ  |d OCLCA  |d OCLCF  |d OCLCQ  |d UCILW  |d CWCLL  |d TXQ  |d OCLCO  |d OCL  |d VT2  |d UAB  |d LND  |d WT2  |d OCL  |d TKF  |d U3W  |d OCLCQ  |d UOK  |d TOH  |d OCLCQ  |d OCLCO  |d OCLCA  |d WYU  |d IUL  |d YOR  |d UUM  |d OCLCO  |d UKBTH  |d WaSeSS 
041 0 |a hrv  |b eng  |b fre  |b ger 
042 |a pcc 
043 |a e-yu---  |a e-ci--- 
050 4 |a K16  |b .R334 
082 1 4 |a [E] 
210 0 |a Prav. vjesn.  |b (Online) 
222 0 |a Pravni vjesnik  |b (Online) 
245 0 0 |a Pravni vjesnik  |h [electronic resource]. 
246 1 |i Provider variant title:  |a Pravani vjesnik 
260 |a U Osijeku :  |b Pravni fakultet Sveučilišta J.J. Strossmayera 
310 |a Quarterly 
362 1 |a Began with: Vol. 1, no. 1 (siječanj-ožujak 1985). 
506 |a License restrictions may limit access. 
515 |a Vol. 1, no. 1 also labelled godina 8; vol. 1-, no.2/3- are labelled as godina 1- 
515 |a Some issues combined. 
546 |a In Croatian; subtitle also in German, French and English, <1992->; summaries in German, French or English, <1992->; table of contents also in English, <1992-> 
588 |a Description based on: Vol. 1, no. 1 (1985); title PDF of cover (publisher's website, viewed February 19, 2019). 
588 |a Latest issue consulted: God. 34, br. 1 (2018). 
650 0 |a Law reviews  |z Croatia. 
650 0 |a Law  |z Yugoslavia  |v Periodicals. 
650 0 |a Law  |z Croatia  |v Periodicals. 
650 7 |a Law.  |2 fast  |0 (OCoLC)fst00993678 
650 7 |a Law reviews.  |2 fast  |0 (OCoLC)fst00994120 
651 7 |a Croatia.  |2 fast  |0 (OCoLC)fst01212674 
651 7 |a Yugoslavia.  |2 fast  |0 (OCoLC)fst01279262 
655 0 |a Electronic journals. 
710 2 |a Sveučilište u Osijeku.  |b Pravni fakultet. 
710 2 |a Sveučilište Josipa Jurja Strossmayera u Osijeku.  |b Pravni fakultet. 
776 0 8 |i Print version :  |t Pravni vjesnik  |x 0352-5317  |w (DLC) 95646968  |w (OCoLC)32763868 
856 4 0 |z Full text available from Research Library: 01/01/2008 to present  |u https://search.proquest.com/publication/51814